वारली चित्र संस्कृति / (Record no. 28318)
[ view plain ]
| 000 -LEADER | |
|---|---|
| fixed length control field | 01398nam a22002777a 4500 |
| 005 - DATE AND TIME OF LATEST TRANSACTION | |
| control field | 2009071604424.0 |
| 008 - FIXED-LENGTH DATA ELEMENTS--GENERAL INFORMATION | |
| fixed length control field | 090714t xxu||||| |||| 00| 0 hin d |
| 010 ## - LCCN (DPL NO) | |
| LC control number | HIN-87288 |
| 020 ## - INTERNATIONAL STANDARD BOOK NUMBER | |
| International Standard Book Number | 9788189962982 |
| Terms of availability | 150.00 |
| 035 ## - SYSTEM CONTROL NUMBER | |
| System control number | HN-59634 |
| 037 ## - SOURCE OF ACQUISITION | |
| Source of stock number/acquisition | DBAD / PUB |
| 040 ## - CATALOGING SOURCE | |
| Original cataloging agency | dpl |
| Language of cataloging | hn |
| 082 ## - DEWEY DECIMAL CLASSIFICATION NUMBER | |
| Classification number | 745 |
| 100 ## - MAIN ENTRY--PERSONAL NAME | |
| Personal name | गारे, गोविन्द |
| 245 ## - TITLE STATEMENT | |
| Title | वारली चित्र संस्कृति / |
| Statement of responsibility, etc | गोविन्द गारे; गोविन्द गुण्ठे द्वारा मराठी से अनुदित; नीलाभ द्वारा पुनरीक्षण |
| 246 ## - VARYING FORM OF TITLE | |
| Title proper/short title | Warli chitra sanskriti |
| Remainder of title | by Govind Gare |
| 260 ## - PUBLICATION, DISTRIBUTION, ETC. (IMPRINT) | |
| Place of publication, distribution, etc | गाजियाबाद |
| Name of publisher, distributor, etc | रेमाधव पब्लिकेसन्स |
| Date of publication, distribution, etc | 2009 |
| 270 ## - ADDRESS | |
| Address | सी-22, तृतीय तल, आर.डी.सी. राजनगर, |
| City | गाजियाबाद |
| Telephone number | 201002 |
| 300 ## - PHYSICAL DESCRIPTION | |
| Extent | 119पृ.. |
| Dimensions | 22सेमी (सजिल्द) |
| Other physical details | सचित्र |
| 650 ## - SUBJECT ADDED ENTRY--TOPICAL TERM | |
| Topical term or geographic name as entry element | लोक कला |
| 650 ## - SUBJECT ADDED ENTRY--TOPICAL TERM | |
| Topical term or geographic name as entry element | Folk arts |
| 700 ## - ADDED ENTRY--PERSONAL NAME | |
| Personal name | गुण्ठे, गोविन्द |
| 700 ## - ADDED ENTRY--PERSONAL NAME | |
| Personal name | नीलाभ |
| 942 ## - ADDED ENTRY ELEMENTS (KOHA) | |
| Source of classification or shelving scheme | Dewey Decimal Classification |
| Item type | Hindi Books |
| Call number suffix | गारेगो |
| Classification part | 745 |
| Withdrawn status | Lost status | Source of classification or shelving scheme | Damaged status | Not for loan | Home library | Current library | Date acquired | Source of acquisition | Cost, normal purchase price | Total Checkouts | Full call number | Barcode | Date last seen | Copy number | Cost, replacement price | Koha item type |
|---|---|---|---|---|---|---|---|---|---|---|---|---|---|---|---|---|
| Dewey Decimal Classification | Not For Loan | D.B.Act.Division | D.B.Act.Division | 16/07/2009 | DBAD / PUB | 150.00 | 745 गारेगो | HN-59634 | 16/07/2009 | 1 | 150.00 | Hindi Books |
